Ekonomická hodnota dobrovolnictví v neziskové organizaci na regionální úrovni

Prístupy k meraniu ekonomickej hodnoty dobrovoľníctva. Analýza dostupných metód pre meranie dobrovoľníckej práce. Výskum pomocou dotazníkového šetrenia.

Guardado en:
Detalles Bibliográficos
Autor principal: Šmídová, Nikola
Formato: Capítulo de libro
Lenguaje:checo
Materias:
Etiquetas: Agregar Etiqueta
Sin Etiquetas, Sea el primero en etiquetar este registro!

MARC

LEADER 00000naa$a2200000$$$4500
001 0260162
005 20191205111305.7
041 0 |a cze 
044 |a CZ 
245 1 0 |a Ekonomická hodnota dobrovolnictví v neziskové organizaci na regionální úrovni  |c Nikola Šmídová 
520 |a Prístupy k meraniu ekonomickej hodnoty dobrovoľníctva. Analýza dostupných metód pre meranie dobrovoľníckej práce. Výskum pomocou dotazníkového šetrenia. 
610 2 0 |a dobrovoľníctvo 
610 2 0 |a metódy 
610 2 0 |a hodnota pridaná ekonomická 
610 2 0 |a organizácie neziskové 
100 1 |a Šmídová, Nikola